000 00443nam a22001697a 4500
999 _c523746
_d523746
003 NUST
038 _awaseem
082 _a891.4304
_bJAV
100 _aJaved, Tariq
_914522
245 _aZameen Ki Aankh Se /
_cTariq Javed
260 _aGujarawala :
_bHaidri Press,
_c1998.
300 _a398 p . ;
500 _aPaperback.
880 _6100-02\r
_aطارق جاوید
880 _6245-02\r
_aزمین کی آنکھ سے /
942 _2ddc
_cBK